[Event "POL-ch U18"]
[Site "Szklarska Poreba"]
[Date "2019.03.15"]
[Round "8"]
[White "Marczak, Szymon"]
[Black "Wierzbicki, Michal"]
[Result "1/2-1/2"]
[WhiteElo "1931"]
[BlackElo "1919"]
[PlyCount "98"]
[EventDate "2019.03.09"]
[EventType "swiss"]
[EventRounds "9"]
[EventCountry "POL"]
[SourceTitle "CBM 189 Extra"]
[Source "ChessBase"]
[SourceDate "2019.05.31"]
[SourceVersion "1"]
[SourceVersionDate "2019.05.31"]
[SourceQuality "1"]

1. d4 Nf6 2. Nf3 e6 3. e3 b6 4. Bd3 Bb7 5. 0-0 Be7 6. c4 0-0 7. Nc3 d5 8. b3 Ne4 9. Qc2 Nxc3 10. Qxc3 dxc4 11. bxc4 Bxf3 12. gxf3 Nd7 13. Qc2 g6 14. Bb2 c5 15. Be4 Rc8 16. d5 e5 17. d6 Bxd6 18. Rad1 Bb8 19. Kh1 Qe7 20. Rd3 Nf6 21. Rfd1 Rfd8 22. Qd2 Bc7 23. Kg2 Nxe4 24. fxe4 Qg5+ 25. Kf1 Rxd3 26. Qxd3 Rd8 27. Qc2 h5 28. Rd5 Rxd5 29. exd5 Qf5 30. Qxf5 gxf5 31. Kg2 Kh7 32. Bc1 e4 33. h3 Be5 34. Bd2 Kg7 35. a4 Kf8 36. f4 Bf6 37. Kf2 Ke7 38. Ke2 Kd6 39. a5 Bd8 40. axb6 axb6 41. Bc3 f6 42. Kd2 b5 43. cxb5 Kxd5 44. Kc2 Kc4 45. b6 Bxb6 46. Be1 Bc7 47. Bg3 Ba5 48. Bf2 Bc3 49. Bg3 Ba5 1/2-1/2

[Event "Baltic Cup-B 2nd"]
[Site "Darlowo"]
[Date "2018.07.03"]
[Round "9"]
[White "Vanduyfhuys, Daria"]
[Black "Wierzbicki, Michal"]
[Result "1/2-1/2"]
[WhiteElo "1879"]
[BlackElo "1983"]
[PlyCount "178"]
[EventDate "2018.06.24"]
[EventType "swiss"]
[EventRounds "9"]
[EventCountry "POL"]
[SourceTitle "CBM 187 Extra"]
[Source "ChessBase"]
[SourceDate "2018.11.04"]
[SourceVersion "1"]
[SourceVersionDate "2018.11.04"]
[SourceQuality "1"]

1. d4 Nf6 2. c4 e6 3. Nf3 b6 4. g3 Ba6 5. b3 Bb4+ 6. Bd2 Be7 7. Bg2 c6 8. 0-0 d5 9. cxd5 cxd5 10. Nc3 Nc6 11. a3 Rc8 12. b4 Bc4 13. b5 Na5 14. a4 Ne4 15. Be1 Nxc3 16. Bxc3 Bxe2 17. Qxe2 Rxc3 18. Ne5 0-0 19. Rac1 Rxc1 20. Rxc1 Bf6 21. Bf1 Qd6 22. f4 Qb4 23. Qd1 Bxe5 24. dxe5 Nb3 25. Rb1 Qc5+ 26. Kg2 Na5 27. Rc1 Nc4 28. Kh3 Rc8 29. Bd3 g6 30. Qe2 Qb4 31. Qa2 Rc5 32. Rb1 Qc3 33. Rb3 Qd2 34. Qxd2 Nxd2 35. Rb2 Nc4 36. Rb1 Na5 37. Kg4 Rc3 38. Bf1 Kg7 39. Rd1 Nc4 40. Bxc4 Rxc4 41. Ra1 Rb4 42. Ra2 f6 43. exf6+ Kxf6 44. h4 Rb3 45. h5 gxh5+ 46. Kh4 Kf5 47. Rc2 Rb1 48. Kh3 Ra1 49. Rc7 Rxa4 50. Rxh7 Kg6 51. Re7 Kf6 52. Rd7 Ra1 53. Kg2 Ra5 54. Kf3 Rxb5 55. Rxa7 Rb3+ 56. Kf2 b5 57. Rh7 Kg6 58. Re7 Kf5 59. Rh7 Ke4 60. Rxh5 Rb2+ 61. Ke1 Rg2 62. Re5+ Kd4 63. Rxe6 Rxg3 64. Ke2 Rg8 65. Rb6 Kc5 66. Rb7 Rf8 67. Ke3 b4 68. Rc7+ Kb5 69. Rb7+ Kc4 70. Rc7+ Kb3 71. Rd7 Rf5 72. Kf3 Kc4 73. Rc7+ Kd4 74. Rb7 Kc3 75. Rc7+ Kd4 76. Rb7 Kc5 77. Rc7+ Kb6 78. Rc8 Rf7 79. Kg4 Rd7 80. Kf3 d4 81. Ke2 Kb5 82. Kd3 Rd6 83. f5 b3 84. Rf8 b2 85. Rb8+ Rb6 86. Rxb6+ Kxb6 87. Kc2 Kc6 88. Kxb2 Kd6 89. Kc2 Ke5 1/2-1/2

[Event "Baltic Cup-B 2nd"]
[Site "Darlowo"]
[Date "2018.06.29"]
[Round "6"]
[White "Wierzbicki, Michal"]
[Black "Kaminski, Marcin1"]
[Result "1-0"]
[WhiteElo "1983"]
[BlackElo "1526"]
[PlyCount "95"]
[EventDate "2018.06.24"]
[EventType "swiss"]
[EventRounds "9"]
[EventCountry "POL"]
[SourceTitle "CBM 187 Extra"]
[Source "ChessBase"]
[SourceDate "2018.11.04"]
[SourceVersion "1"]
[SourceVersionDate "2018.11.04"]
[SourceQuality "1"]

1. d4 c6 2. c4 d5 3. e3 Nf6 4. Nc3 Bf5 5. Nf3 e6 6. Nh4 Bg6 7. Nxg6 hxg6 8. Bd2 Nbd7 9. Rc1 Be7 10. Qb3 Rb8 11. Bd3 dxc4 12. Bxc4 Nb6 13. Be2 Qd6 14. g3 Rd8 15. f4 Nh5 16. Ne4 Qd5 17. Qxd5 exd5 18. Nf2 f5 19. Bxh5 gxh5 20. Ba5 Ra8 21. Bxb6 axb6 22. a3 b5 23. Nd3 h4 24. Ke2 Bd6 25. Kf3 Kf7 26. g4 g6 27. Rhg1 Rhg8 28. Rg2 g5 29. Rcg1 Rae8 30. gxf5 Kf6 31. Rxg5 Rxg5 32. Rxg5 Bc7 33. Ne5 Bxe5 34. dxe5+ Kf7 35. Kg4 c5 36. e6+ Kf6 37. Rg6+ Ke7 38. Rg7+ Kd6 39. Kg5 b6 40. Kf6 Rf8+ 41. Rf7 Rg8 42. e7 Re8 43. Rf8 Rxe7 44. Rd8+ Rd7 45. Rxd7+ Kxd7 46. Ke5 d4 47. exd4 cxd4 48. Kxd4 1-0

[Event "Baltic Cup-B 2nd"]
[Site "Darlowo"]
[Date "2018.06.28"]
[Round "5"]
[White "Darowicki, Mariusz"]
[Black "Wierzbicki, Michal"]
[Result "1/2-1/2"]
[WhiteElo "1922"]
[BlackElo "1983"]
[PlyCount "119"]
[EventDate "2018.06.24"]
[EventType "swiss"]
[EventRounds "9"]
[EventCountry "POL"]
[SourceTitle "CBM 187 Extra"]
[Source "ChessBase"]
[SourceDate "2018.11.04"]
[SourceVersion "1"]
[SourceVersionDate "2018.11.04"]
[SourceQuality "1"]

1. d4 Nf6 2. c4 e6 3. Nf3 b6 4. g3 Bb7 5. Bg2 Be7 6. 0-0 d5 7. Qa4+ c6 8. cxd5 exd5 9. Ne5 0-0 10. Nc3 b5 11. Qc2 Nbd7 12. Nxd7 Qxd7 13. Rd1 Rad8 14. Bg5 Rfe8 15. Bxf6 Bxf6 16. e3 Be7 17. Ne2 f5 18. Nf4 Bd6 19. Nd3 g5 20. Nc5 Bxc5 21. Qxc5 Ra8 22. Bh3 g4 23. Bg2 Qe7 24. Rac1 Qxc5 25. Rxc5 Kf7 26. Rdc1 Ke6 27. Kf1 Kd6 28. Ke2 h5 29. h3 Rh8 30. Rh1 Rag8 31. Rcc1 Bc8 32. Rh2 gxh3 33. Bxh3 h4 34. Bg2 hxg3 35. Rxh8 Rxh8 36. fxg3 Bd7 37. Rh1 Rxh1 38. Bxh1 Ke6 39. Kf3 Kf6 40. Kf4 Be8 41. Bf3 Bg6 42. g4 fxg4 43. Bxg4 Ke7 44. Ke5 a5 45. a3 Bc2 46. b4 axb4 47. axb4 Be4 48. Bc8 Bd3 49. Be6 Be4 50. Bh3 Bd3 51. Bg2 Bc4 52. e4 dxe4 53. Bxe4 Kd7 54. Kf6 Kd6 55. Kf5 Bd5 56. Kf4 Bxe4 57. Kxe4 Ke6 58. Ke3 Kd5 59. Kd3 Kd6 60. Ke4 1/2-1/2

[Event "Bialystok Zamenhof Memorial-C 35th"]
[Site "Bialystok"]
[Date "2017.12.30"]
[Round "8.1"]
[White "Wierzbicki, Michal"]
[Black "Darowicki, Mariusz"]
[Result "1/2-1/2"]
[WhiteElo "1846"]
[BlackElo "1995"]
[PlyCount "108"]
[EventDate "2017.12.27"]
[EventType "swiss"]
[EventRounds "9"]
[EventCountry "POL"]
[SourceTitle "EXT 2023"]
[Source "ChessBase"]
[SourceDate "2022.10.05"]
[SourceVersion "1"]
[SourceVersionDate "2022.10.05"]
[SourceQuality "1"]

1. d4 Nf6 2. Nf3 d5 3. c4 c6 4. e3 g6 5. Nc3 Bg7 6. Be2 0-0 7. 0-0 Be6 8. Ne5 Nfd7 9. Nxd7 Qxd7 10. c5 b6 11. b4 Qc7 12. Bd2 Nd7 13. Na4 b5 14. Nb2 Bf5 15. g4 Be6 16. Nd3 Nf6 17. f3 h5 18. gxh5 Nxh5 19. f4 Nf6 20. Nf2 Qd7 21. Kh1 Ne4 22. Nxe4 dxe4 23. Rg1 Bf5 24. Bg4 e6 25. Bxf5 exf5 26. h4 Bf6 27. h5 Kg7 28. hxg6 Rh8+ 29. Kg2 fxg6 30. Be1 Bh4 31. Qb3 Bxe1 32. Raxe1 Qe7 33. Rh1 g5 34. fxg5 Qxg5+ 35. Kf2 Rxh1 36. Rxh1 Kf6 37. Qd1 Rg8 38. Qg1 Qxg1+ 39. Rxg1 Rh8 40. Kg3 Rg8+ 41. Kf2 Ra8 42. a4 bxa4 43. Ra1 Ke6 44. Rxa4 Kd5 45. Ra6 f4 46. exf4 Rf8 47. Ke3 Rh8 48. Rxa7 Rh3+ 49. Ke2 Kxd4 50. Rd7+ Kc4 51. Rd6 Rf3 52. Rxc6 Kxb4 53. Re6 Rxf4 54. c6 Rf7 1/2-1/2

[Event "Bialystok Zamenhof Memorial-C 35th"]
[Site "Bialystok"]
[Date "2017.12.27"]
[Round "2.18"]
[White "Wierzbicki, Michal"]
[Black "Ciszewski, Krzysztof"]
[Result "1-0"]
[WhiteElo "1846"]
[BlackElo "1443"]
[PlyCount "71"]
[EventDate "2017.12.27"]
[EventType "swiss"]
[EventRounds "9"]
[EventCountry "POL"]
[SourceTitle "EXT 2023"]
[Source "ChessBase"]
[SourceDate "2022.10.05"]
[SourceVersion "1"]
[SourceVersionDate "2022.10.05"]
[SourceQuality "1"]

1. d4 Nf6 2. Nf3 c5 3. c3 e6 4. Bg5 Be7 5. e3 0-0 6. Nbd2 d5 7. Bd3 b6 8. 0-0 Bb7 9. Ne5 Nbd7 10. f4 cxd4 11. exd4 Ne4 12. Bxe7 Qxe7 13. Rf3 Ndf6 14. Rh3 Nxd2 15. Bxh7+ Kh8 16. Bd3+ Kg8 17. Qxd2 Rfd8 18. g4 Qc7 19. Qf2 Kf8 20. Qh4 Ke7 21. Qg5 Rg8 22. Bh7 b5 23. Re1 b4 24. Bxg8 Rxg8 25. f5 Kd8 26. fxe6 fxe6 27. Rf3 Re8 28. Ref1 Kc8 29. cxb4 Kb8 30. Qc1 Qd8 31. Ra3 Ne4 32. Rf7 Re7 33. Raf3 a6 34. Rf8 Re8 35. Rxe8 Qxe8 36. Rf8 1-0

[Event "Suwalki Warakomska Memorial-B 1st"]
[Site "Suwalki"]
[Date "2017.08.16"]
[Round "7"]
[White "Medvedyk, Volodymyr"]
[Black "Wierzbicki, Michal"]
[Result "1-0"]
[WhiteElo "2053"]
[BlackElo "1890"]
[PlyCount "99"]
[EventDate "2017.08.11"]
[EventType "swiss"]
[EventRounds "9"]
[EventCountry "POL"]
[SourceTitle "CBM 180 Extra"]
[Source "ChessBase"]
[SourceDate "2017.10.06"]
[SourceVersion "1"]
[SourceVersionDate "2017.10.06"]
[SourceQuality "1"]

1. d4 Nf6 2. Nf3 e6 3. c4 b6 4. g3 Bb7 5. Bg2 Be7 6. 0-0 0-0 7. Nc3 Ne4 8. Qc2 Nxc3 9. Qxc3 c5 10. Rd1 d6 11. Bf4 g5 12. Be3 Nd7 13. Qd2 h6 14. h4 Bxf3 15. Bxf3 Rc8 16. hxg5 hxg5 17. dxc5 bxc5 18. Kg2 Kg7 19. Rh1 Rh8 20. Rxh8 Kxh8 21. Rh1+ Kg7 22. Rh5 f6 23. Qc1 Qe8 24. Bg4 Nf8 25. Qh1 Qg6 26. Rh8 f5 27. Bf3 Rd8 28. Bd2 Nh7 29. Bc3+ e5 30. Rxd8 Bxd8 31. Qd1 g4 32. Bd5 Nf6 33. Bc6 Bc7 34. Qa4 Bb6 35. Qa6 Qf7 36. a4 Qc7 37. Bb7 Qb8 38. a5 Bd8 39. Bc8 Kg6 40. Bb7 Be7 41. Qc6 Qe8 42. Qa6 Qb8 43. b4 cxb4 44. Bxb4 f4 45. Bd2 fxg3 46. fxg3 Qh8 47. Be1 d5 48. Bf2 Kf7 49. Bxd5+ Nxd5 50. cxd5 1-0

[Event "Suwalki Warakomska Memorial-B 1st"]
[Site "Suwalki"]
[Date "2017.08.13"]
[Round "4"]
[White "Chin, Shun Yi"]
[Black "Wierzbicki, Michal"]
[Result "0-1"]
[WhiteElo "1521"]
[BlackElo "1890"]
[PlyCount "96"]
[EventDate "2017.08.11"]
[EventType "swiss"]
[EventRounds "9"]
[EventCountry "POL"]
[SourceTitle "CBM 180 Extra"]
[Source "ChessBase"]
[SourceDate "2017.10.06"]
[SourceVersion "1"]
[SourceVersionDate "2017.10.06"]
[SourceQuality "1"]

1. e4 e6 2. d4 d5 3. exd5 exd5 4. Bd3 Bd6 5. Nf3 Ne7 6. c3 Bg4 7. Bg5 f6 8. Bh4 Nbc6 9. Bg3 Qd7 10. Bxd6 Qxd6 11. 0-0 0-0 12. Nbd2 f5 13. Qc2 Rf6 14. Rfe1 Ng6 15. h3 Bxf3 16. Nxf3 Raf8 17. Re3 Nf4 18. Ne5 Nd8 19. b4 Nde6 20. Bf1 Ng5 21. a4 Ng6 22. a5 f4 23. Ree1 f3 24. g3 Ne4 25. Nxg6 Rxg6 26. Rxe4 dxe4 27. Qxe4 c6 28. Bc4+ Kh8 29. Kh2 Rgf6 30. Bd3 g6 31. Re1 Qd5 32. Qh4 Re6 33. Qh6 Rfe8 34. Rxe6 Qxe6 35. Qf4 Kg7 36. Qxf3 Rf8 37. Qg2 Qe1 38. f4 Re8 39. h4 Qxc3 40. Qf3 Qd2+ 41. Kh3 Re3 42. Qg4 Qxd3 43. Qd7+ Kf8 44. Qd6+ Kf7 45. Qd7+ Re7 46. Qd6 h5 47. b5 Qf5+ 48. Kh2 Re2+ 0-1

[Event "Suwalki Warakomska Memorial-B 1st"]
[Site "Suwalki"]
[Date "2017.08.12"]
[Round "2"]
[White "Wierzbicki, Michal"]
[Black "Ziemski, Jaroslaw"]
[Result "1-0"]
[WhiteElo "1890"]
[BlackElo "1668"]
[PlyCount "83"]
[EventDate "2017.08.11"]
[EventType "swiss"]
[EventRounds "9"]
[EventCountry "POL"]
[SourceTitle "CBM 180 Extra"]
[Source "ChessBase"]
[SourceDate "2017.10.06"]
[SourceVersion "1"]
[SourceVersionDate "2017.10.06"]
[SourceQuality "1"]

1. d4 d5 2. Nf3 Nf6 3. c4 e6 4. cxd5 exd5 5. Nc3 c6 6. Qc2 Bb4 7. Bg5 Qd6 8. e3 Ne4 9. Bf4 Bxc3+ 10. bxc3 Qa3 11. Rc1 Bf5 12. Bd3 0-0 13. 0-0 Qe7 14. Ng5 h6 15. Nxe4 Bxe4 16. Bxe4 Qxe4 17. Qxe4 dxe4 18. c4 Nd7 19. Rb1 b6 20. a4 g5 21. Bd6 Rfe8 22. Rfc1 Re6 23. c5 f5 24. Bc7 bxc5 25. dxc5 Nf6 26. Rb7 Re7 27. Rcb1 Nd5 28. Bb8 Rxb7 29. Rxb7 a5 30. Be5 Re8 31. Bd4 f4 32. Rg7+ Kf8 33. Rh7 Re6 34. Ra7 Nb4 35. Rxa5 Nc2 36. Ra8+ Ke7 37. a5 Nxd4 38. exd4 e3 39. fxe3 fxe3 40. Kf1 Kd7 41. a6 Kc7 42. Rf8 1-0

[Event "POL-chT U20"]
[Site "Szczyrk"]
[Date "2017.07.26"]
[Round "5.14"]
[White "Sernecki, Franciszek"]
[Black "Wierzbicki, Michal"]
[Result "1-0"]
[WhiteElo "2039"]
[BlackElo "1854"]
[PlyCount "85"]
[EventDate "2017.07.22"]
[EventType "team-tourn"]
[EventRounds "9"]
[EventCountry "POL"]
[SourceTitle "EXT 2019"]
[Source "ChessBase"]
[SourceDate "2018.10.10"]
[SourceVersion "1"]
[SourceVersionDate "2018.10.10"]
[SourceQuality "1"]

1. d4 Nf6 2. Nf3 e6 3. e3 b6 4. b3 Bb7 5. Bb2 Be7 6. Bd3 0-0 7. 0-0 d6 8. c4 Nbd7 9. Nbd2 c5 10. Qe2 Re8 11. Rad1 d5 12. Ne5 Qc7 13. Nxd7 Nxd7 14. Nf3 Bf6 15. cxd5 exd5 16. Bb5 Bc6 17. Bxc6 Qxc6 18. Rc1 Rac8 19. dxc5 bxc5 20. Bxf6 Nxf6 21. b4 c4 22. Qc2 Qb6 23. Rb1 h6 24. Rfd1 Red8 25. a4 a6 26. Nd4 Ne4 27. b5 axb5 28. axb5 Nc5 29. Nc6 Rd7 30. Rxd5 Rxd5 31. Ne7+ Kh8 32. Nxd5 Qb7 33. Qxc4 Ne6 34. Qb3 Rc5 35. b6 Kh7 36. e4 Nd4 37. Qd3 Ne6 38. h3 Rc6 39. Ra1 Nc5 40. Qb1 Ne6 41. Ra7 Qc8 42. e5+ Kh8 43. b7 1-0

[Event "POL-chT U20"]
[Site "Szczyrk"]
[Date "2017.07.23"]
[Round "2.8"]
[White "Wierzbicki, Michal"]
[Black "Chylewski, Patryk"]
[Result "0-1"]
[WhiteElo "1854"]
[BlackElo "2275"]
[PlyCount "152"]
[EventDate "2017.07.22"]
[EventType "team-tourn"]
[EventRounds "9"]
[EventCountry "POL"]
[SourceTitle "EXT 2019"]
[Source "ChessBase"]
[SourceDate "2018.10.10"]
[SourceVersion "1"]
[SourceVersionDate "2018.10.10"]
[SourceQuality "1"]

1. d4 Nf6 2. Nf3 e6 3. c4 b6 4. a3 Bb7 5. Nc3 d5 6. cxd5 Nxd5 7. Qc2 Nxc3 8. bxc3 Be7 9. e4 0-0 10. Bd3 c5 11. 0-0 Qc7 12. Qe2 Nc6 13. Rd1 Rfd8 14. Bb2 Na5 15. Nd2 g6 16. e5 Rac8 17. f4 cxd4 18. cxd4 Qd7 19. Kh1 Bd5 20. Rac1 Rxc1 21. Rxc1 Rc8 22. Rxc8+ Qxc8 23. Be4 Qc6 24. Bd3 Qa4 25. Nb1 Qb3 26. Qc2 Qxc2 27. Bxc2 Nc4 28. Bc1 b5 29. Bd3 b4 30. Bxc4 Bxc4 31. axb4 Bxb4 32. Ba3 Be1 33. Bc5 a5 34. Kg1 Bd3 35. Na3 Kg7 36. g3 g5 37. fxg5 Kg6 38. Kg2 Kxg5 39. Kf3 Bd2 40. Be7+ Kf5 41. g4+ Kg6 42. Bc5 f5 43. exf6 Kxf6 44. h4 Bc1 45. Kg3 e5 46. dxe5+ Kxe5 47. h5 Bd2 48. Kf3 Bb4 49. Bb6 Bxa3 50. Bxa5 Bc1 51. Bc3+ Ke6 52. Be1 Bg5 53. Bg3 Kd5 54. Bc7 Be4+ 55. Kg3 Bc2 56. Bf4 h6 57. Bc7 Ke4 58. Bd6 Bb1 59. Bc7 Bf6 60. Bf4 Be5 61. Bxe5 Kxe5 62. g5 hxg5 63. Kg4 Kf6 64. h6 Bg6 65. Kf3 Bf5 66. Kg3 Kg6 67. h7 Kxh7 68. Kf3 Kg6 69. Kg3 g4 70. Kf4 Kf6 71. Kg3 Kg5 72. Kf2 Kf4 73. Kg2 Be4+ 74. Kf2 Bd5 75. Kf1 Kg3 76. Kg1 Bc6 0-1

[Event "POL-chT U20 1st League"]
[Site "Suchedniow"]
[Date "2016.07.30"]
[Round "8.28"]
[White "Wierzbicki, Michal"]
[Black "Madajczak, Piotr"]
[Result "1-0"]
[WhiteElo "1712"]
[BlackElo "1479"]
[PlyCount "67"]
[EventDate "2016.07.23"]
[EventType "team-tourn"]
[EventRounds "9"]
[EventCountry "POL"]
[SourceTitle "EXT 2019"]
[Source "ChessBase"]
[SourceDate "2018.10.10"]
[SourceVersion "1"]
[SourceVersionDate "2018.10.10"]
[SourceQuality "1"]

1. d4 Nf6 2. Nf3 g6 3. c4 Bg7 4. Nc3 0-0 5. Bg5 d6 6. e3 Nbd7 7. Be2 c5 8. 0-0 b6 9. Qc2 Bb7 10. Rfd1 Re8 11. Rab1 Nf8 12. a3 Ne6 13. d5 Nc7 14. b4 Nd7 15. Ne4 h5 16. Nxd6 Qb8 17. Nxe8 Qxe8 18. Bf4 Na6 19. b5 Nab8 20. Ng5 Nf8 21. Bf3 Nbd7 22. Ne4 f6 23. h3 g5 24. Bh2 Bh6 25. Ng3 h4 26. Bh5 Qd8 27. Nf5 Bg7 28. d6 e6 29. Ne7+ Kh8 30. Bf7 f5 31. Qe2 Bf6 32. Qh5+ Kg7 33. Bxe6 Qe8 34. Nxf5# 1-0

[Event "POL-chT U19 1st League"]
[Site "Ustron"]
[Date "2015.07.29"]
[Round "5.28"]
[White "Gawor, Jan Pawel"]
[Black "Wierzbicki, Michal"]
[Result "1/2-1/2"]
[WhiteElo "1519"]
[BlackElo "1725"]
[PlyCount "109"]
[EventDate "2015.07.25"]
[EventType "team-tourn"]
[EventRounds "9"]
[EventCountry "POL"]
[SourceTitle "EXT 2018"]
[Source "ChessBase"]
[SourceDate "2017.10.13"]
[SourceVersion "1"]
[SourceVersionDate "2017.10.13"]
[SourceQuality "1"]
[WhiteTeam "Wieliczka MKS MOS U19 II"]
[BlackTeam "Suwalki Hancza U19"]
[WhiteTeamCountry "POL"]
[BlackTeamCountry "POL"]

1. e4 c6 2. d4 d5 3. Nc3 dxe4 4. Nxe4 Nf6 5. Nxf6+ exf6 6. Nf3 Bd6 7. Be3 0-0 8. Qd2 Re8 9. 0-0-0 Be6 10. Kb1 Bd5 11. Bd3 b5 12. Rhe1 Nd7 13. c3 Nf8 14. Rc1 Qa5 15. b3 Rab8 16. Re2 Qa3 17. Qb2 Qa5 18. Qc2 Rb6 19. Rd1 Reb8 20. h3 Qa6 21. Nh4 Qb7 22. Nf5 Qc7 23. Nxd6 Qxd6 24. f3 a5 25. Bc1 R6b7 26. Rde1 Rc8 27. Re8 Rbb8 28. Bxh7+ Kh8 29. Rxc8 Rxc8 30. Be4 Re8 31. Qd2 Qg3 32. Re2 Bxe4+ 33. fxe4 Ng6 34. Re3 Qf4 35. Re1 Qxd2 36. Bxd2 Nh4 37. Re2 Kg8 38. Kc2 Kf8 39. Kd3 Rd8 40. c4 b4 41. d5 Ke7 42. Kd4 Rc8 43. Bf4 c5+ 44. Kd3 Ng6 45. Bg3 Ne5+ 46. Bxe5 fxe5 47. Rf2 f6 48. Ke3 a4 49. Kf3 axb3 50. axb3 Ra8 51. Re2 Ra3 52. Re3 Ra2 53. g3 Rc2 54. h4 Rc1 55. Kg4 1/2-1/2

[Event "POL Olympiad U12"]
[Site "Spala"]
[Date "2014.12.30"]
[Round "5.8"]
[White "Szczurek, Krzysztof"]
[Black "Wierzbicki, Michal"]
[Result "0-1"]
[WhiteElo "1775"]
[BlackElo "1438"]
[PlyCount "60"]
[EventDate "2014.04.06"]
[EventType "swiss"]
[EventRounds "9"]
[EventCountry "POL"]
[SourceTitle "EXT 2023"]
[Source "ChessBase"]
[SourceDate "2022.10.05"]
[SourceVersion "1"]
[SourceVersionDate "2022.10.05"]
[SourceQuality "1"]

1. d4 d5 2. c4 e6 3. Nc3 Nf6 4. Nf3 c6 5. Bg5 Nbd7 6. e3 Qa5 7. Nd2 Bb4 8. Qc2 0-0 9. Be2 c5 10. dxc5 Qxc5 11. 0-0 Bxc3 12. bxc3 dxc4 13. Bxf6 Nxf6 14. Bxc4 b6 15. Be2 Bb7 16. e4 Rac8 17. Rac1 Rc7 18. Kh1 Rfc8 19. c4 b5 20. f3 bxc4 21. Nxc4 Ba6 22. Qd2 Qe7 23. e5 Nd5 24. Qd4 Qb4 25. Rb1 Qa4 26. Rfc1 g6 27. Bd1 Rxc4 28. Qd2 Rxc1 29. Rxc1 Rxc1 30. Qxc1 Qc4 0-1

[Event "POL Olympiad U12"]
[Site "Spala"]
[Date "2014.12.30"]
[Round "3.14"]
[White "Wierzbicki, Michal"]
[Black "Kozlowski, Pawel"]
[Result "1/2-1/2"]
[WhiteElo "1438"]
[BlackElo "1577"]
[PlyCount "110"]
[EventDate "2014.04.06"]
[EventType "swiss"]
[EventRounds "9"]
[EventCountry "POL"]
[SourceTitle "EXT 2023"]
[Source "ChessBase"]
[SourceDate "2022.10.05"]
[SourceVersion "1"]
[SourceVersionDate "2022.10.05"]
[SourceQuality "1"]

1. d4 e6 2. g3 d5 3. Bg2 c5 4. c3 Nc6 5. e3 Nf6 6. Nd2 cxd4 7. exd4 Bd6 8. Ndf3 0-0 9. Ne2 Re8 10. 0-0 b6 11. Bf4 Ba6 12. Bxd6 Qxd6 13. Re1 e5 14. dxe5 Nxe5 15. Nxe5 Rxe5 16. Nf4 Rae8 17. Rxe5 Rxe5 18. h4 h6 19. Nd3 Bxd3 20. Qxd3 Qe7 21. Bf3 Re1+ 22. Rxe1 Qxe1+ 23. Kg2 Qe5 24. Qa6 Qc7 25. Qd3 Qe5 26. Qa6 Qe7 27. Qc8+ Kh7 28. Bxd5 Qe5 29. Bf3 Qe6 30. Qxe6 fxe6 31. Bc6 Kg6 32. f3 Kf5 33. Kf2 Ke5 34. Ke3 Kd6 35. Be4 e5 36. b3 Nd7 37. a3 Nc5 38. Bc2 Na6 39. b4 Nc7 40. a4 a5 41. bxa5 Nd5+ 42. Kd3 bxa5 43. Bb3 Nf6 44. Kc4 Kc6 45. g4 Nd7 46. Bc2 Nb6+ 47. Kd3 Kd6 48. Bb3 Nd7 49. Kc4 Kc6 50. Bc2 Nb6+ 51. Kd3 Kd6 52. Bb3 Nd7 53. Kc4 Kc6 54. Bc2 Nb6+ 55. Kd3 Kd6 1/2-1/2

[Event "POL-chT U19 44th"]
[Site "Karpacz"]
[Date "2013.07.28"]
[Round "7"]
[White "Wierzbicki, Michal"]
[Black "Janik, Igor"]
[Result "0-1"]
[WhiteElo "1413"]
[BlackElo "1930"]
[PlyCount "80"]
[EventDate "2013.07.22"]
[EventType "team-tourn"]
[EventRounds "9"]
[EventCountry "POL"]
[SourceTitle "EXT 2014"]
[Source "ChessBase"]
[SourceDate "2013.11.20"]
[SourceVersion "1"]
[SourceVersionDate "2013.11.20"]
[SourceQuality "1"]
[WhiteTeam "Suwalki Hancza U19"]
[BlackTeam "Gorzow Wielkopolski Stilon U19"]
[WhiteTeamCountry "POL"]
[BlackTeamCountry "POL"]

1. d4 Nf6 2. Nf3 g6 3. Bg5 Bg7 4. Nbd2 0-0 5. e4 d6 6. c3 Nc6 7. Bc4 e5 8. dxe5 Nxe5 9. Nxe5 dxe5 10. Qe2 Qe7 11. 0-0 c6 12. Rfe1 h6 13. Bxf6 Bxf6 14. Rad1 Rd8 15. Nf1 Bd7 16. Ne3 Bg5 17. Bb3 Kg7 18. Rd3 Be6 19. Red1 Bxb3 20. axb3 Rxd3 21. Rxd3 a5 22. Nc4 b5 23. Na3 Qe6 24. Qd1 Be7 25. h3 Ra7 26. Kh2 Bxa3 27. bxa3 a4 28. b4 Qa2 29. Qc1 Qxf2 30. Rf3 Qe2 31. Re3 Qc4 32. Qc2 Rd7 33. Re1 Rd3 34. Rf1 Rxc3 35. Qf2 Qe6 36. Ra1 Qf6 37. Qe2 Qf4+ 38. Kh1 Re3 39. Qb2 Qxe4 40. Rd1 Rxh3+ 0-1